000 00874nam a2200265 i 4500
001 9228
003 ES-MaACL
005 20250902055003.0
007 t|
008 930525s1991 sp ||||1| spa d
020 _a84-368-0456-2
080 _a33(038)
080 _a46.316.4=2:33
080 _a42.316.4=6:33
100 1 _aLozano Irueste, José María (
_d1920-2006)
_974450
245 1 0 _aDiccionario bilingüe de economía y empresa
_b: inglés-español, español-inglés /
_cJosé María Lozano Irueste.
250 _a2ª ed.
260 _aMadrid :
_bPirámide,
_c1991.
300 _a802 p. ;
_c26 cm.
650 1 4 _aEconomía de la empresa-
_vDiccionarios
_912023
650 1 4 _aLengua inglesa-
_vDiccionarios-
_xEspañol.
_914270
650 1 4 _aLengua española-
_vDiccionarios-
_xInglés.
_914142
852 _aES-MaACL
_jL-16682
_bR.121478
999 _c9228
_d9228